Textbook of Preventive and Social Medicine (Record no. 157482)
[ view plain ]
| 000 -LEADER | |
|---|---|
| fixed length control field | 00383nam a2200133Ia 4500 |
| 008 - FIXED-LENGTH DATA ELEMENTS--GENERAL INFORMATION | |
| fixed length control field | 230411s9999 xx 000 0 und d |
| 041 ## - LANGUAGE CODE | |
| Language code of text/sound track or separate title | eng |
| 082 ## - DEWEY DECIMAL CLASSIFICATION NUMBER | |
| Classification number | CH/610.7343/GUP/MAH/B07350 |
| 100 ## - MAIN ENTRY--PERSONAL NAME | |
| Personal name | Gupta M C & Mahajan B K |
| 9 (RLIN) | 176312 |
| 245 ## - TITLE STATEMENT | |
| Title | Textbook of Preventive and Social Medicine |
| 260 ## - PUBLICATION, DISTRIBUTION, ETC. (IMPRINT) | |
| Name of publisher, distributor, etc. | Jaypee Brothers |
| Place of publication, distribution, etc. | New Delhi |
| Date of publication, distribution, etc. | 2003 |
| 300 ## - PHYSICAL DESCRIPTION | |
| Extent | 646p |
| Withdrawn status | Lost status | Damaged status | Not for loan | Collection code | Home library | Current library | Date acquired | Vendor | Cost, normal purchase price | Bill number | Shelving control number | Full call number | Barcode | Date last seen | Cost, replacement price | Bill Date | Koha item type | Original Barcode |
|---|---|---|---|---|---|---|---|---|---|---|---|---|---|---|---|---|---|---|
| Reference | Smt. Bakul Tambat Institute of Nursing Education | Smt. Bakul Tambat Institute of Nursing Education | 31/12/2012 | Jaypee Brothers Medical Publishers | 695.00 | 1025 | 2 | CH 610.7343 GUP MAH B07350 | BTIN-BK-7350 | 11/04/2023 | 507.00 | 22/02/2007 | Books | B07350 |